000 00474nam a22001697a 4500
005 20251108165336.0
008 250721s1997 xx 000 0 ara d
082 1 4 _a657.469565/رفا
100 1 _aالرفاعي، خليل
245 1 0 _aأسس المحاسبة الضريبية في الأردن /
264 1 _aعمان :
_bالمؤلف،
_c1997.
300 _a273ص.
650 1 7 _aالمحاسبة
650 1 7 _aالضرائب
942 _2ddc
_cBK
999 _c25540
_d25540